000 00299nam a22001337a 4500
020 _a978-93-5176-844-9
041 _aENG
100 _aBakshi .S.P
245 _aObjective General English
260 _aNew Delhi
_bArihant
_c2019
300 _a776
650 _aBanking
856 _uCompetitive Exam
999 _c201
_d201